Normal view MARC view

Entry Personal Name

Number of records used in: 2

001 - CONTROL NUMBER

  • control field: 6648

003 - CONTROL NUMBER IDENTIFIER

  • control field: OSt

005 - DATE AND TIME OF LATEST TRANSACTION

  • control field: 20120916102639.0

008 - FIXED-LENGTH DATA ELEMENTS

  • fixed length control field: 120916|||a|||||| | ||| d

040 ## - CATALOGING SOURCE

  • Original cataloging agency: OSt
  • Transcribing agency: OSt

100 ## - HEADING--PERSONAL NAME

  • Personal name: Legal Services commission(LSC)

670 ## - SOURCE DATA FOUND

  • Source citation: Work cat.: (OSt): Legal Services commission(LSC), The Legal services commission manual : , 2011